Pravda. Roč. 69, č. 232-308, 1988

Bibliographic Details
Format: Book
Language:Undetermined
Published: Plzeň KV KSČ 1988

MARC

LEADER 00000nam a2200000 a 4500
001 vtls001345965
003 SK-MaSNL
005 20260224153118.0
008 210928s1988 xx 0 und
035 |a SNK000299201 
040 |a SNK  |b slo  |c SNK  |e AACR2 
245 1 |a Pravda. Roč. 69, č. 232-308, 1988 
260 |a Plzeň  |b KV KSČ  |c 1988 
958 |a OND 
999 |c 1062913  |d 1064843 
952 |t P60, <06>, [BOOK], {606}  |a SNK  |b SNK  |y PREZ  |7 0  |p 17A0166693  |o snkČA 95/69/1988/4  |0 0  |1 1  |4 0  |d 1998-10-21  |l 0  |r 2005-01-02 00:00:00  |w 2026-02-24